| 000 | 01281cam a2200349 i 4500 | ||
|---|---|---|---|
| 001 | 19785693 | ||
| 003 | OSt | ||
| 005 | 20250610131645.0 | ||
| 008 | 170714s2019 nyua b 001 0 eng | ||
| 010 | _a 2017033533 | ||
| 020 |
_a9781259573088 _q(alk. paper) |
||
| 020 |
_a1259573087 _q(alk. paper) |
||
| 020 | _a9789355324641 | ||
| 040 |
_aDLC _beng _cDLC _erda _dDLC |
||
| 042 | _apcc | ||
| 050 | 0 | 0 |
_aHF5429 _b.L4828 2019 |
| 082 | 0 | 0 |
_a658.87 _bLEV/R |
| 100 | 1 |
_aLevy, Michael, _d1950- _eauthor. _910561 |
|
| 245 | 1 | 0 |
_aRetailing management / _cMichael Levy, Ph.D., Babson College, Barton A. Weitz, Ph.D., University of Florida Dhruv Grewal, Ph.D., Babson College. |
| 250 | _aTenth Edition. | ||
| 264 | 1 |
_aNew York, NY : _bMcGraw-Hill Education, _c[2019] |
|
| 300 |
_axxvi, 582 pages : _bcolor illustrations ; _c28 cm |
||
| 336 |
_atext _btxt _2rdacontent |
||
| 337 |
_aunmediated _bn _2rdamedia |
||
| 338 |
_avolume _bnc _2rdacarrier |
||
| 500 | _aRevised edition of the authors' Retailing management, [2014] | ||
| 504 | _aIncludes bibliographical references and indexes. | ||
| 650 | 0 |
_aRetail trade _xManagement. |
|
| 700 | 1 |
_aWeitz, Barton A., _eauthor. |
|
| 700 | 1 |
_aGrewal, Dhruv, _eauthor. |
|
| 942 |
_2ddc _cBK _h658.87 _iLEV/R _k658.87 _mLEV/R |
||
| 999 |
_c44547 _d44547 |
||